Shalimar the clown (Record no. 16090)
[ view plain ]
| 000 -LEADER | |
|---|---|
| fixed length control field | 00587nam a2200193Ia 4500 |
| 003 - CONTROL NUMBER IDENTIFIER | |
| control field | IN-BaIIA |
| 008 - FIXED-LENGTH DATA ELEMENTS--GENERAL INFORMATION | |
| fixed length control field | 211028s9999 xx 000 0 eng d |
| 020 ## - INTERNATIONAL STANDARD BOOK NUMBER | |
| International Standard Book Number | 0-224-06161-5 |
| 040 ## - CATALOGING SOURCE | |
| Transcribing agency | IIA Library |
| 080 ## - UNIVERSAL DECIMAL CLASSIFICATION NUMBER | |
| Universal Decimal Classification number | 82-3 |
| Item number | RUS |
| 100 ## - MAIN ENTRY--PERSONAL NAME | |
| Personal name | Rushdie, S. |
| 9 (RLIN) | 29760 |
| 245 #0 - TITLE STATEMENT | |
| Title | Shalimar the clown |
| Remainder of title | a novel |
| Statement of responsibility, etc. | S. Rushdie |
| 260 ## - PUBLICATION, DISTRIBUTION, ETC. | |
| Place of publication, distribution, etc. | London |
| Name of publisher, distributor, etc. | Penguin Books |
| Date of publication, distribution, etc. | 2005 |
| 300 ## - PHYSICAL DESCRIPTION | |
| Extent | 398p. |
| 650 ## - SUBJECT ADDED ENTRY--TOPICAL TERM | |
| Topical term or geographic name entry element | Ambassador- Fiction |
| 9 (RLIN) | 29761 |
| 650 ## - SUBJECT ADDED ENTRY--TOPICAL TERM | |
| Topical term or geographic name entry element | Assassination-California-Los Angels-Fiction |
| 9 (RLIN) | 29762 |
| 650 ## - SUBJECT ADDED ENTRY--TOPICAL TERM | |
| Topical term or geographic name entry element | Assassins-Fiction |
| 9 (RLIN) | 29763 |
| 942 ## - ADDED ENTRY ELEMENTS (KOHA) | |
| Koha item type | Books |
| Withdrawn status | Lost status | Damaged status | Not for loan | Home library | Current library | Shelving location | Date acquired | Source of acquisition | Cost, normal purchase price | Total Checkouts | Full call number | Barcode | Date last seen | Date last checked out | Cost, replacement price | Price effective from | Koha item type | Purchase Price |
|---|---|---|---|---|---|---|---|---|---|---|---|---|---|---|---|---|---|---|
| IIA Library-Bangalore | IIA Library-Bangalore | General Stacks | 01/02/2006 | ANJ | 595.00 | 1 | 82-3/ RUS | 17012 | 23/01/2024 | 18/01/2024 | 595.00 | 01/02/2006 | Books | Rs. 595.00 |